[Event "FRA-ch U12 Girls"]
[Site "Le Grand Bornand"]
[Date "2007.04.??"]
[Round "1"]
[White "Monpeurt, Cyrielle"]
[Black "Houzelot, Alice"]
[Result "1-0"]
[WhiteElo "1640"]
[BlackElo "1340"]
[PlyCount "71"]
[EventDate "2007.04.07"]
[EventType "swiss"]
[EventRounds "9"]
[EventCountry "FRA"]
[SourceTitle "CBM 118 Extra"]
[Source "ChessBase"]
[SourceDate "2007.07.04"]
[SourceVersion "1"]
[SourceVersionDate "2007.07.04"]
[SourceQuality "1"]

1. e4 e5 2. Nf3 Nc6 3. Bb5 Nge7 4. 0-0 g6 5. c3 Bg7 6. Re1 0-0 7. d4 exd4 8. cxd4 d5 9. Nc3 Re8 10. exd5 a6 11. Bxc6 bxc6 12. dxc6 Nxc6 13. Rxe8+ Qxe8 14. Bf4 Qd7 15. Be5 Nxe5 16. Nxe5 Qf5 17. Qf3 Qxf3 18. Nxf3 Rb8 19. b3 Bg4 20. Rd1 Bxf3 21. gxf3 c5 22. Ne2 Rd8 23. d5 Re8 24. Kf1 Be5 25. h3 Rd8 26. f4 Bg7 27. d6 Rd7 28. Ng3 Bf8 29. Ne4 Kh8 30. Nxc5 Rxd6 31. Rxd6 Bxd6 32. Nxa6 Bxf4 33. b4 Be5 34. a4 Kg8 35. b5 Kf8 36. b6 1-0